Statics (Record no. 9743)

000 -LEADER
fixed length control field 00440nam a22001937a 4500
001 - CONTROL NUMBER
control field 9743
003 - CONTROL NUMBER IDENTIFIER
control field BD-DhUET
008 - FIXED-LENGTH DATA ELEMENTS--GENERAL INFORMATION
fixed length control field 150201b xxu||||| |||| 00| 0 eng d
040 ## - CATALOGING SOURCE
Transcribing agency DLC
Modifying agency BD-DhUET
082 ## - DEWEY DECIMAL CLASSIFICATION NUMBER
Classification number 531.2
Item number PES/1969
100 ## - MAIN ENTRY--PERSONAL NAME
Personal name Pestel, Eduard C.
245 ## - TITLE STATEMENT
Title Statics
250 ## - EDITION STATEMENT
Edition statement 1st ed.
260 ## - PUBLICATION, DISTRIBUTION, ETC. (IMPRINT)
Place of publication, distribution, etc. New York
Name of publisher, distributor, etc. McGraw-Hill
Date of publication, distribution, etc. 1969
300 ## - PHYSICAL DESCRIPTION
Extent 400 p.
Other physical details ill.
650 #0 - SUBJECT ADDED ENTRY--TOPICAL TERM
Topical term or geographic name as entry element Statics
700 ## - ADDED ENTRY--PERSONAL NAME
Personal name Thomson, William T.
942 ## - ADDED ENTRY ELEMENTS (KOHA)
Koha item type General Book
Holdings
Source of classification or shelving scheme Lost status Price effective from Date acquired Koha date last seen Koha full call number Copy number Damaged status Not for loan Koha item type Location (home branch) Sublocation or collection (holding branch) Koha normalized classification for sorting Withdrawn status Piece designation (barcode) Shelving location
  2015-02-012015-02-012015-02-01531.2/PES/19691  General BookCentral Library, BUETCentral Library, BUET531_200000000000000_PES_1969 56730Circulation section
  2015-03-102015-03-102015-03-10531.2/PES/19692  General BookCentral Library, BUETCentral Library, BUET531_200000000000000_PES_1969 40528Circulation section
  2015-03-102015-03-102015-03-10531.2/PES/19693  General BookCentral Library, BUETCentral Library, BUET531_200000000000000_PES_1969 40527Circulation section